ბათუმის შოთა რუსთაველის სახელმწიფო უნივერსიტეტის ბიბლიოთეკა

გეოგრაფიული ფაქტორი და ქართული კულტურა : (ბიბ.ჩანაწერი № 60395)

000 -ლიდერი
ფიქსირებული სიგრძის საკონტროლო ველი 01403nam a22002417a 4500
003 - საკონტროლო ნომრის იდენტიფიკატორი
საკონტროლო ველი Ge_BSU
005 - ბოლო ოპერაციის თარიღი და დრო
საკონტროლო ველი 20230711152518.0
008 - ფიქსირებული სიგრძის მონაცემთა ელემენტები - ზოგადი ინფორმაცია
ფიქსირებული სიგრძის საკონტროლო ველი 230711s2018ge xxu||||| |||| 00| 0 geo d
020 ## - წიგნის საერთაშორისო სტანდარტული ნომერი
International Standard Book Number 9789941463723
041 ## - ენის კოდი
Language code of text/sound track or separate title geo
080 ## - უნივერსალური ათობითი კლასიფიკაციის ინდექსი
Universal Decimal Classification number 913(479.22)+008 გ-44
100 ## - მთავარი ჩანაწერი - პიროვნების სახელი
Personal name გვალია, ტარიელ, ავტორი.
9 (RLIN) 19240
245 ## - ცნობა სათაურის შესახებ
Title გეოგრაფიული ფაქტორი და ქართული კულტურა :
Remainder of title [მონოგრაფია] /
Statement of responsibility, etc ტარიელ გვალია ; რედ: ბუბა კუდავა, ზურაბ ლაოშვილი.
250 ## - გამოცემის ცნობა
Edition statement მე-2, გადამუშავებული გამოცემა.
264 ## - წარმოების, გამოცემის, დისტრიბუციის და სხვა ცნობები
გამოცემის, წარმოების, დისტრიბუციის... ადგილი თბილისი :
გამოცემის, წარმოების, დისტრიბუციის... სახელწოდება არტანუჯი,
გამოცემის, წარმოების, დისტრიბუციის... თარიღი 2018.
300 ## - ფიზიკური აღწერა
Extent 216, [32] გვ.:
Other physical details ფოტ. ;
Dimensions 20 სმ.
504 ## - BIBLIOGRAPHY, ETC. NOTE
Bibliography, etc ბიბლიოგრ.: გვ. 212-215.
653 ## - INDEX TERM--UNCONTROLLED
Uncontrolled term ქართული კულტურა. საქართველოს გეოგრაფია.
700 ## - ADDED ENTRY--PERSONAL NAME
Personal name კუდავა, ბუბა
Relator term რედაქტორი
9 (RLIN) 3540
700 ## - ADDED ENTRY--PERSONAL NAME
Personal name ლაოშვილი, ზურაბ
Relator term რედაქტორი
9 (RLIN) 10456
856 ## - ELECTRONIC LOCATION AND ACCESS
Uniform Resource Identifier https://dspace.nplg.gov.ge/bitstream/1234/322496/1/GeografiuliFaqtoriDaQArtuliKultura.pdf
Link text pdf (ელექტრონული ვერსია)
942 ## - ADDED ENTRY ELEMENTS (KOHA)
Source of classification or shelving scheme
Koha item type წიგნი
ეგზემპლარები
ჩამოწერის სტატუსი დაკარგული ეგზემპლარის სტატუსი კლასიფიკაციის წყარო ან თაროზე გაწყობის სქემა დაზიანების სტატუსი არ გაიცემა მუდმივი მდებარეობა (დაცვის ადგილი) ამჟამინდელი ადგილსამყოფელი თაროზე განთავსების ადგილი შეძენის თარიღი ღირებულება, შესყიდვის ნორმალური ფასი სრული შენახვის შიფრი შტრიხკოდი ბოლო ოპერაციის თარიღი ეგზემპლარის მიმდევრობითი ნომერი (კეტერი?) Uniform Resource Identifier ფასის ძალაში შესვლის თარიღი ეგზემპლარის სახეობა საჯარო შენიშვნა
          ბათუმის შოთა რუსთაველის სახელმწიფო უნივერსიტეტის მთავარი ბიბლიოთეკა ბათუმის შოთა რუსთაველის სახელმწიფო უნივერსიტეტის მთავარი ბიბლიოთეკა წიგნსაცავი 2023-07-11 10.00 913(479.22)+008 გ-44 64933 2023-07-11 64933 ბსუ-ს საპატიო დოქტორის გურამ ლორთქიფანიძის საჩუქარი 2023-07-11 წიგნი 10.00